000 00669nam a2200265Ia 4500
005 20260302114211.0
008 008 260114s9999 xx 000 0 eng d
020 _a9798881816179
037 _aTextbook
040 _aCRL
040 _beng
040 _cCRL
041 _2eng
041 _aeng
084 _qCRL
100 _aSophie Wahnich
_91118061
245 4 _aThe French Revolution in Theory
260 _bBloomsbury
260 _bRowman & Littlefield
260 _c2022
650 _aPhilosophy
856 _uhttps://doi.org/10.5040/9798881816179?locatt=label:secondary_bloomsburyCollections
942 _cEBOOK
999 _c1681701
_d1681701